Le Progrès pour tous (Record no. 182855)
[ view plain ]
| 000 -LEADER | |
|---|---|
| campo de control de longitud fija | 00646nam a2200157 i 4500 |
| 001 - NÚMERO DE CONTROL | |
| campo de control | 182855 |
| 003 - IDENTIFICADOR DE NÚMERO DE CONTROL | |
| campo de control | ES-MaACL |
| 005 - FECHA Y HORA DE LA ÚLTIMA TRANSACCIÓN | |
| campo de control | 20250929063301.0 |
| 008 - DATOS DE LONGITUD FIJA--INFORMACIÓN GENERAL | |
| campo de control de longitud fija | 131115s1881 fr |||| | fre d |
| 100 1# - ENTRADA PRINCIPAL--NOMBRE DE PERSONA | |
| Nombre de persona | Moigno, François, |
| Fechas asociadas al nombre | 1804-1884 |
| 9 (RLIN) | 130010 |
| 245 10 - MENCIÓN DEL TÍTULO | |
| Título | Le Progrès pour tous |
| Resto del título | : Annuaire du Kosmos- Les-Mondes pour 1881: Revue du progrès scientifique en 1879-1880 / |
| Mención de responsabilidad, etc. | par M. l'abbé Moigno...; avec la collaboration de M. l'abbé H. Valette,... |
| 260 ## - PUBLICACIÓN, DISTRIBUCIÓN, ETC. | |
| Lugar de publicación, distribución, etc. | Abbeville : |
| Nombre del editor, distribuidor, etc. | Aau bureau du journal " les-Mondes, |
| Fecha de publicación, distribución, etc. | [1881] |
| 300 ## - DESCRIPCIÓN FÍSICA | |
| Extensión | VIII, 470 p., 2 h. de lám. ; |
| Dimensiones | 18 cm. |
| 852 ## - LOCALIZACIÓN | |
| Ubicación | ES-MaACL |
| Estatus retirado | Estado de pérdida | Estado de daño | No para préstamo | Colección | Biblioteca de origen | Biblioteca actual | Ubicación en estantería | Fecha de adquisición | Fuente de adquisición | Total de préstamos | Signatura topográfica completa | Código de barras | Visto por última vez | Precio de reemplazo | Tipo de ítem Koha |
|---|---|---|---|---|---|---|---|---|---|---|---|---|---|---|---|
| Libros del s. XIX | Biblioteca del Ateneo de Madrid | Biblioteca del Ateneo de Madrid | Sala Pecera Planta 2 | 15/11/2013 | F-10541 | 1192174 | 23/02/2023 | 23/02/2023 | Libro impreso antiguo |
